[Event "Eschborn op"]
[Site "Eschborn"]
[Date "2019.08.18"]
[Round "4.46"]
[White "Porstendoerfer, Eric"]
[Black "Boscher, Hans"]
[Result "1/2-1/2"]
[WhiteElo "1374"]
[BlackElo "1380"]
[PlyCount "31"]
[EventDate "2019.08.16"]
[EventType "swiss"]
[EventRounds "5"]
[EventCountry "GER"]
[SourceTitle "EXT 2024"]
[Source "ChessBase"]
[SourceDate "2023.10.10"]
[SourceVersion "1"]
[SourceVersionDate "2023.10.10"]
[SourceQuality "1"]

1. e4 e6 2. d4 d5 3. e5 c5 4. Be3 cxd4 5. Bxd4 Nc6 6. Nf3 Nge7 7. c4 Nxd4 8. Nxd4 Qb6 9. b3 Nc6 10. Nf3 Bc5 11. Qc2 Nd4 12. Nxd4 Bxd4 13. Nc3 dxc4 14. Bxc4 Bxe5 15. 0-0 0-0 16. Rad1 1/2-1/2

[Event "Eschborn op"]
[Site "Eschborn"]
[Date "2018.10.07"]
[Round "5"]
[White "Porstendoerfer, Eric"]
[Black "Neagu, Liviu1"]
[Result "0-1"]
[WhiteElo "1275"]
[BlackElo "1461"]
[PlyCount "74"]
[EventDate "2018.10.05"]
[EventType "swiss"]
[EventRounds "5"]
[EventCountry "GER"]
[SourceTitle "CBM 187 Extra"]
[Source "ChessBase"]
[SourceDate "2018.11.04"]
[SourceVersion "1"]
[SourceVersionDate "2018.11.04"]
[SourceQuality "1"]

1. e4 c5 2. Nf3 e6 3. d4 cxd4 4. Nxd4 Nc6 5. Nf3 Qc7 6. Nc3 a6 7. Bc4 b5 8. Bd3 Nf6 9. b3 Bb4 10. Bb2 d5 11. exd5 Nxd5 12. Qd2 Nce7 13. Be4 Rb8 14. Qd3 Bxc3+ 15. Bxc3 Qxc3+ 16. Qxc3 Nxc3 17. Bd3 0-0 18. h4 Bb7 19. Rh3 Bxf3 20. Rxf3 Ned5 21. g4 a5 22. Kd2 b4 23. a3 Rfd8 24. axb4 axb4 25. g5 e5 26. Bc4 Nb6+ 27. Ke1 Nxc4 28. bxc4 e4 29. Re3 Rd4 30. f4 Rxc4 31. h5 Nd5 32. Re2 Nxf4 33. Rd2 Rc7 34. h6 Ne6 35. Rb1 Nxg5 36. Rxb4 Rbc8 37. Rb6 Nf3+ 0-1

[Event "Bad Soden U14 op"]
[Site "Bad Soden"]
[Date "2017.09.30"]
[Round "2"]
[White "Porstendoerfer, Eric"]
[Black "Hagner, Bennet"]
[Result "0-1"]
[WhiteElo "1253"]
[BlackElo "1680"]
[PlyCount "44"]
[EventDate "2017.09.30"]
[EventType "swiss"]
[EventRounds "9"]
[EventCountry "GER"]
[SourceTitle "EXT 2019"]
[Source "ChessBase"]
[SourceDate "2018.10.10"]
[SourceVersion "1"]
[SourceVersionDate "2018.10.10"]
[SourceQuality "1"]

1. e4 c6 2. Nc3 d5 3. d3 e5 4. Nf3 Bg4 5. Be2 d4 6. Nxe5 Bxe2 7. Nxe2 Qa5+ 8. c3 dxc3 9. Nc4 cxb2+ 10. Nxa5 bxa1Q 11. Qb3 b6 12. 0-0 Qf6 13. Nc4 Nd7 14. Be3 b5 15. Na5 Bd6 16. h3 Ne7 17. d4 Bc7 18. Nb7 Rb8 19. Nc5 Nxc5 20. dxc5 0-0 21. Bd4 Be5 22. Be3 Ng6 0-1

[Event "Heusenstamm Sparkassen op U14 3rd"]
[Site "Heusenstamm"]
[Date "2016.11.27"]
[Round "5"]
[White "Porstendoerfer, Eric"]
[Black "Porstendoerfer, Yannik"]
[Result "1/2-1/2"]
[WhiteElo "1145"]
[BlackElo "1231"]
[PlyCount "113"]
[EventDate "2016.11.27"]
[EventType "swiss"]
[EventRounds "5"]
[EventCountry "GER"]
[SourceTitle "EXT 2018"]
[Source "ChessBase"]
[SourceDate "2017.10.13"]
[SourceVersion "1"]
[SourceVersionDate "2017.10.13"]
[SourceQuality "1"]

1. e4 c5 2. c3 g6 3. d4 Qa5 4. Bd2 Bg7 5. c4 Qb6 6. dxc5 Qxc5 7. Bc3 Nf6 8. Bd3 0-0 9. Nf3 b6 10. Bxf6 Bxf6 11. Nc3 Qb4 12. Rb1 Bxc3+ 13. bxc3 Qxc3+ 14. Qd2 Qxd2+ 15. Nxd2 Bb7 16. 0-0 Nc6 17. c5 Ne5 18. Bc2 Bc6 19. cxb6 axb6 20. Bb3 Bb5 21. Rfe1 Nc6 22. Bd5 e6 23. Rxb5 exd5 24. exd5 Rxa2 25. dxc6 dxc6 26. Rxb6 Rxd2 27. Rxc6 Rfd8 28. g3 Rb8 29. Rf6 Kg7 30. Rf3 Rb7 31. Kg2 Kf8 32. Re4 Re7 33. Ref4 Kg7 34. g4 Rc2 35. h3 Rc1 36. Rf6 Rce1 37. R6f4 R1e4 38. Rf6 R4e6 39. R6f4 Re4 40. Rxe4 Rxe4 41. Rd3 Kf6 42. Kf3 Re6 43. Kf4 Re2 44. g5+ Ke6 45. Rf3 Kd5 46. Kg4 Re4+ 47. Kg3 Ke6 48. Rf6+ Ke7 49. h4 Re6 50. Rf4 f6 51. Rb4 Rd6 52. Kf4 f5 53. Rb7+ Rd7 54. Rxd7+ Kxd7 55. Ke5 Ke7 56. f3 Kf7 57. Kd6 1/2-1/2

[Event "Eschborn op"]
[Site "Eschborn"]
[Date "2016.09.03"]
[Round "3"]
[White "Heinz, Tobias"]
[Black "Porstendoerfer, Eric"]
[Result "1-0"]
[WhiteElo "1488"]
[BlackElo "941"]
[PlyCount "63"]
[EventDate "2016.09.02"]
[EventType "swiss"]
[EventRounds "5"]
[EventCountry "GER"]
[SourceTitle "EXT 2018"]
[Source "ChessBase"]
[SourceDate "2017.10.13"]
[SourceVersion "1"]
[SourceVersionDate "2017.10.13"]
[SourceQuality "1"]

1. d4 d5 2. c4 c6 3. Nc3 Bf5 4. Bf4 Nd7 5. cxd5 cxd5 6. Nxd5 Nb6 7. Nc7+ Kd7 8. Nxa8 Qxa8 9. e3 f6 10. Bb5+ Kd8 11. Rc1 Nd5 12. Bg3 e6 13. Qa4 Bb4+ 14. Ke2 Nge7 15. a3 Bxa3 16. Qxa3 Nc6 17. Qd6+ Ke8 18. Rxc6 Kf7 19. Rc5 Rd8 20. Bd7 b6 21. Rxd5 exd5 22. Bc6 Rxd6 23. Bxa8 Rd8 24. Bc6 Ke6 25. Nh3 Bxh3 26. gxh3 Rc8 27. Rc1 a5 28. Bxd5+ Kd7 29. Be6+ Kxe6 30. Rxc8 Kd5 31. Kd3 b5 32. e4+ 1-0

[Event "Heusenstamm Sparkassen op U14 2nd"]
[Site "Heusenstamm"]
[Date "2015.11.27"]
[Round "1"]
[White "Van Foreest, Tristan"]
[Black "Porstendoerfer, Eric"]
[Result "1-0"]
[WhiteElo "1143"]
[BlackElo "1026"]
[PlyCount "73"]
[EventDate "2015.11.27"]
[EventType "swiss"]
[EventRounds "5"]
[EventCountry "GER"]
[SourceTitle "EXT 2018"]
[Source "ChessBase"]
[SourceDate "2017.10.13"]
[SourceVersion "1"]
[SourceVersionDate "2017.10.13"]
[SourceQuality "1"]

1. e4 e5 2. Nf3 Nc6 3. Bc4 Bc5 4. d3 Nf6 5. h3 0-0 6. Bg5 h6 7. Bh4 a6 8. Nc3 b5 9. Bb3 Nd4 10. Nxd4 Bxd4 11. Nd5 Bxb2 12. Rb1 Bd4 13. c3 c6 14. Nxf6+ gxf6 15. cxd4 Qa5+ 16. Qd2 Qxd2+ 17. Kxd2 Kg7 18. dxe5 fxe5 19. g3 Bb7 20. f4 Rae8 21. f5 f6 22. g4 d5 23. Bf2 Rd8 24. exd5 cxd5 25. Rbc1 e4 26. dxe4 dxe4+ 27. Ke1 e3 28. Rc7+ Kh8 29. Rxb7 Rfe8 30. Bh4 Rd6 31. Rf1 Rc6 32. Ke2 Rd6 33. Rd1 Rc6 34. Rdd7 Rce6 35. Bxe6 Rxe6 36. Rd8+ Re8 37. Rxe8# 1-0